Spain 2018 FIFA World Cup Squad - Statistics

General Stats
  • This quiz has been taken 358 times
  • The average score is 18 of 24
Answer Stats
Position Club Player % Correct
GK Manchester United David De Gea
100%
DF Real Madrid CF Sergio Ramos
95%
DF FC Barcelona Gerard Piqué
93%
MF Manchester City David Silva
87%
MF Atlético de Madrid Koke
87%
MF FC Barcelona Sergio Busquets
85%
DF FC Barcelona Jordi Alba
84%
GK SSC Napoli Pepe Reina
84%
MF FC Barcelona Andrés Iniesta
83%
DF Chelsea FC César Azpilicueta
83%
FW Atlético de Madrid Diego Costa
83%
MF FC Bayern Munich Thiago Alcántara
82%
FW Celta de Vigo Iago Aspas
81%
DF Real Madrid CF Daniel Carvajal
80%
DF Real Madrid CF Nacho Fernández
78%
MF Real Madrid CF Isco Alarcón
77%
MF Atlético de Madrid Saúl Ñíguez
71%
MF Real Madrid CF Marco Asensio
70%
GK Athletic de Bilbao Kepa Arrizabalaga
62%
DF Arsenal Nacho Monreal
62%
FW Real Madrid CF Lucas Vázquez
55%
FW Valencia CF Rodrigo Moreno
53%
DF Real Sociedad Álvaro Odriozola
32%
Coach Julen Lopetegui
30%
No matching quizzes found
Score Distribution
Percent of People with Each Score
Percentile by Number Answered
Your Score History
You have not taken this quiz